[Event "Tula Efremenkov Memorial"]
[Site "Tula"]
[Date "2015.01.25"]
[Round "13"]
[White "Tishin, Petr"]
[Black "Zhavoronkov, Evgeny"]
[Result "1-0"]
[WhiteElo "2401"]
[BlackElo "2251"]
[PlyCount "57"]
[EventDate "2015.01.14"]
[EventType "tourn"]
[EventRounds "13"]
[EventCountry "RUS"]
[EventCategory "2"]
[SourceTitle "CBM 164 Extra"]
[Source "ChessBase"]
[SourceDate "2015.03.02"]
[SourceVersion "1"]
[SourceVersionDate "2015.03.02"]
[SourceQuality "1"]

1. d4 Nf6 2. c4 e6 3. Nc3 Bb4 4. Nf3 0-0 5. g3 d5 6. Bg2 c5 7. cxd5 Nxd5 8. Bd2 cxd4 9. Nxd5 Bxd2+ 10. Qxd2 Qxd5 11. Qxd4 Qxd4 12. Nxd4 a5 13. 0-0 e5 14. Nb3 Ra6 15. Nc5 Rd6 16. Rfd1 Rfd8 17. Rxd6 Rxd6 18. Bxb7 Bxb7 19. Nxb7 Rd5 20. Rc1 Nd7 21. Rc8+ Nf8 22. b3 Rd2 23. a4 g6 24. Nxa5 Rxe2 25. Nc6 Kg7 26. a5 Ra2 27. b4 Ne6 28. b5 Nd4 29. Nxd4 1-0

[Event "Donskoj"]
[Site "Donskoj"]
[Date "2012.08.06"]
[Round "9"]
[White "Zhavoronkov, Evgeny"]
[Black "Babayev, Talib"]
[Result "0-1"]
[WhiteElo "2319"]
[BlackElo "2376"]
[PlyCount "72"]
[EventDate "2012.08.01"]
[EventType "tourn"]
[EventRounds "13"]
[EventCountry "RUS"]
[EventCategory "2"]
[SourceTitle "EXT 2013"]
[Source "ChessBase"]
[SourceDate "2012.11.22"]
[SourceVersion "1"]
[SourceVersionDate "2012.11.22"]
[SourceQuality "1"]

1. d4 Nf6 2. Nf3 c5 3. d5 b5 4. c4 b4 5. a3 g6 6. axb4 cxb4 7. e4 Nxe4 8. Qd4 Nf6 9. Rxa7 Rxa7 10. Qxa7 Na6 11. Be3 d6 12. Be2 Bg7 13. b3 Qd7 14. Qb6 Qb7 15. Qxb7 Bxb7 16. Bd4 0-0 17. 0-0 Nc5 18. Nbd2 Ra8 19. Bxc5 dxc5 20. Bd3 Ra2 21. Rd1 Kf8 22. Kf1 Ra3 23. h3 Bc8 24. Bc2 Ne8 25. Ne4 Bf5 26. Nfd2 Nd6 27. f3 Bxe4 28. Nxe4 Nf5 29. Rd3 Bd4 30. Ke2 Ra2 31. Kd2 Nh4 32. g3 Ng2 33. h4 f5 34. Ng5 Bf2 35. Ne6+ Kg8 36. h5 Ne1 0-1

[Event "Donskoj"]
[Site "Donskoj"]
[Date "2012.08.02"]
[Round "2"]
[White "Zaitsev, Alexander"]
[Black "Zhavoronkov, Evgeny"]
[Result "1/2-1/2"]
[WhiteElo "2389"]
[BlackElo "2319"]
[PlyCount "47"]
[EventDate "2012.08.01"]
[EventType "tourn"]
[EventRounds "13"]
[EventCountry "RUS"]
[EventCategory "2"]
[SourceTitle "EXT 2013"]
[Source "ChessBase"]
[SourceDate "2012.11.22"]
[SourceVersion "1"]
[SourceVersionDate "2012.11.22"]
[SourceQuality "1"]

1. d4 Nf6 2. c4 c6 3. Nf3 d5 4. Nc3 e6 5. e3 Nbd7 6. Qc2 Bd6 7. Bd3 0-0 8. 0-0 dxc4 9. Bxc4 b5 10. Bd3 Bb7 11. Rd1 Qc7 12. a3 a6 13. e4 e5 14. dxe5 Nxe5 15. Nxe5 Bxe5 16. g3 Rad8 17. Bg5 c5 18. Nd5 Bxd5 19. exd5 Qd6 20. Be2 c4 21. Bf3 a5 22. Be3 Rfe8 23. Rac1 a4 24. Bd2 1/2-1/2

[Event "Tula-ch fin"]
[Site "Tula"]
[Date "2007.08.04"]
[Round "2"]
[White "Zhavoronkov, Evgeny"]
[Black "Domogaev, Sergey"]
[Result "0-1"]
[WhiteElo "2292"]
[BlackElo "2360"]
[PlyCount "156"]
[EventDate "2007.08.03"]
[EventType "tourn"]
[EventRounds "9"]
[EventCountry "RUS"]
[EventCategory "6"]
[SourceTitle "CBM 119 Extra"]
[Source "ChessBase"]
[SourceDate "2007.09.04"]
[SourceVersion "1"]
[SourceVersionDate "2007.09.04"]
[SourceQuality "1"]

1. Nf3 Nf6 2. d4 e6 3. c4 b6 4. g3 Ba6 5. Qc2 c5 6. Bg2 Bb7 7. 0-0 Be7 8. Bg5 0-0 9. Nc3 d6 10. Rfd1 cxd4 11. Nxd4 Bxg2 12. Kxg2 Qc8 13. Qd3 Nbd7 14. f4 a6 15. Qf3 Re8 16. Rac1 Bf8 17. Bxf6 Nxf6 18. Ne4 Nxe4 19. Qxe4 e5 20. fxe5 Rxe5 21. Qf3 Qe8 22. Rc3 b5 23. cxb5 axb5 24. a3 g6 25. Rdd3 h5 26. Re3 Bh6 27. Rxe5 dxe5 28. Nc6 e4 29. Qf2 Bg7 30. Nd4 Qd7 31. e3 Re8 32. Rb3 Bxd4 33. exd4 Qd5 34. Qe3 Rd8 35. h4 Rd6 36. Rc3 Qxd4 37. Qxd4 Rxd4 38. Rb3 Rd5 39. Kf2 Rf5+ 40. Ke2 Kg7 41. Rb4 Rf3 42. Rxe4 Rb3 43. Re3 Rxb2+ 44. Kf3 Kf6 45. Ke4 Ke6 46. Rd3 Rb1 47. Rf3 b4 48. Kd4 bxa3 49. Rxa3 Re1 50. Rf3 f6 51. Ra3 Re5 52. Rf3 Ra5 53. Re3+ Kd6 54. Rb3 Re5 55. Rb6+ Ke7 56. Ra6 Kf7 57. Rb6 Re1 58. Ra6 Re5 59. Rb6 g5 60. hxg5 Rxg5 61. Rb3 Re5 62. Rb6 Kg6 63. Ra6 Kf5 64. Ra3 Re4+ 65. Kd5 Rg4 66. Rf3+ Kg5 67. Ke6 Re4+ 68. Kd5 f5 69. Ra3 Kg4 70. Rb3 Ra4 71. Ke5 f4 72. gxf4 Rxf4 73. Rb8 Ra4 74. Rh8 h4 75. Rh7 h3 76. Rg7+ Kf3 77. Rf7+ Kg3 78. Rg7+ Rg4 0-1

[Event "Tula Stek Cup"]
[Site "Tula"]
[Date "2004.11.21"]
[Round "6"]
[White "Zhavoronkov, Evgeny"]
[Black "Afromeev, Vladimir"]
[Result "0-1"]
[WhiteElo "2279"]
[BlackElo "2547"]
[PlyCount "78"]
[EventDate "2004.11.16"]
[EventType "tourn"]
[EventRounds "11"]
[EventCountry "RUS"]
[EventCategory "4"]
[SourceTitle "CBM 103 Extra"]
[Source "ChessBase"]
[SourceDate "2005.01.01"]
[SourceVersion "1"]
[SourceVersionDate "2005.01.01"]
[SourceQuality "1"]

1. e4 e5 2. Nf3 Nf6 3. Nc3 Nc6 4. Bc4 Nxe4 5. Bxf7+ Kxf7 6. Nxe4 d5 7. Neg5+ Kg8 8. d3 h6 9. Nh3 Bxh3 10. gxh3 Qf6 11. Qe2 Bd6 12. 0-0 Rf8 13. Ne1 g5 14. c3 Rh7 15. Nc2 Rhf7 16. Ne3 d4 17. Nc4 Qf3 18. Qxf3 Rxf3 19. Nxd6 cxd6 20. h4 Rxd3 21. cxd4 Nxd4 22. hxg5 hxg5 23. Be3 d5 24. Bxd4 Rxd4 25. Rad1 Rg4+ 26. Kh1 d4 27. h3 Rh4 28. Kh2 Kf7 29. Rg1 Ke6 30. Rd2 Rfh8 31. Rxg5 Rxh3+ 32. Kg2 d3 33. Rg3 Rxg3+ 34. Kxg3 e4 35. Kf4 Kd5 36. Kg3 Kd4 37. Rd1 Rg8+ 38. Kh3 Rg7 39. a3 e3 0-1

[Event "Tula Stek Cup"]
[Site "Tula"]
[Date "2004.11.19"]
[Round "4"]
[White "Zhavoronkov, Evgeny"]
[Black "Kozlov, Mikhail P"]
[Result "1-0"]
[WhiteElo "2279"]
[BlackElo "2282"]
[PlyCount "71"]
[EventDate "2004.11.16"]
[EventType "tourn"]
[EventRounds "11"]
[EventCountry "RUS"]
[EventCategory "4"]
[SourceTitle "CBM 103 Extra"]
[Source "ChessBase"]
[SourceDate "2005.01.01"]
[SourceVersion "1"]
[SourceVersionDate "2005.01.01"]
[SourceQuality "1"]

1. Nf3 d5 2. c4 e6 3. d4 Nf6 4. Nc3 c6 5. Bg5 h6 6. Bh4 dxc4 7. e4 g5 8. Bg3 b5 9. Be2 Bb7 10. h4 g4 11. Ne5 h5 12. 0-0 Nbd7 13. Qc2 Bg7 14. Rad1 0-0 15. Nxd7 Qxd7 16. Be5 Qe7 17. b3 b4 18. Na4 c3 19. Nc5 Rad8 20. a3 a5 21. axb4 axb4 22. Ra1 Ra8 23. Ra4 Rxa4 24. bxa4 Ra8 25. Rb1 Nd7 26. Bxg7 Nxc5 27. dxc5 Qxc5 28. Bh6 Ba6 29. Be3 Qe7 30. Bxa6 Rxa6 31. e5 c5 32. Bg5 Qe8 33. Rd1 Ra8 34. Bf6 c4 35. Qc1 Kh7 36. Qg5 1-0

[Event "Tula Stek Cup"]
[Site "Tula"]
[Date "2004.11.17"]
[Round "2"]
[White "Zhavoronkov, Evgeny"]
[Black "Yagupov, Igor"]
[Result "1/2-1/2"]
[WhiteElo "2279"]
[BlackElo "2509"]
[PlyCount "82"]
[EventDate "2004.11.16"]
[EventType "tourn"]
[EventRounds "11"]
[EventCountry "RUS"]
[EventCategory "4"]
[SourceTitle "CBM 103 Extra"]
[Source "ChessBase"]
[SourceDate "2005.01.01"]
[SourceVersion "1"]
[SourceVersionDate "2005.01.01"]
[SourceQuality "1"]

1. Nf3 f5 2. g3 Nf6 3. Bg2 d6 4. d4 g6 5. c4 Bg7 6. Nc3 0-0 7. 0-0 c6 8. d5 e5 9. dxc6 bxc6 10. e4 Ba6 11. Qb3 Nbd7 12. exf5 gxf5 13. Rd1 Qc7 14. Nb5 cxb5 15. cxb5+ d5 16. bxa6 Rab8 17. Qa4 Ne4 18. Ng5 Ndc5 19. Qc2 Nxa6 20. Qe2 Qc6 21. Nxe4 fxe4 22. b3 Nc7 23. Ba3 Rf7 24. Rac1 Qe6 25. Bc5 Nb5 26. Qh5 Nd4 27. Bh3 Qh6 28. Qxh6 Bxh6 29. Bxd4 Bxc1 30. Bxe5 Re8 31. Bc3 Bh6 32. Rxd5 e3 33. fxe3 Bxe3+ 34. Kh1 Rc7 35. Rd3 Bg5 36. Bg2 Re3 37. Bd5+ Kf8 38. Rxe3 Bxe3 39. Bc4 Rd7 40. Kg2 Rd1 41. a4 Rc1 1/2-1/2

[Event "Tula Stek Cup"]
[Site "Tula"]
[Date "2004.11.16"]
[Round "1"]
[White "Zhavoronkov, Evgeny"]
[Black "Biriukov, Ilja"]
[Result "1/2-1/2"]
[WhiteElo "2279"]
[BlackElo "2256"]
[PlyCount "22"]
[EventDate "2004.11.16"]
[EventType "tourn"]
[EventRounds "11"]
[EventCountry "RUS"]
[EventCategory "4"]
[SourceTitle "CBM 103 Extra"]
[Source "ChessBase"]
[SourceDate "2005.01.01"]
[SourceVersion "1"]
[SourceVersionDate "2005.01.01"]
[SourceQuality "1"]

1. Nf3 d5 2. c4 d4 3. e3 c5 4. b4 dxe3 5. fxe3 cxb4 6. d4 Nf6 7. Bd3 Bg4 8. 0-0 e6 9. Bb2 Nc6 10. Nbd2 Be7 11. Qe1 Bh5 1/2-1/2